000 00295nam a22001337a 4500
020 _a906654.20
041 _aENG
100 _aDaji .J A
245 _aA Text Book of Soil Science
260 _aPune
_bPrinted in India
_c1996
300 _a546
650 _aAgriculltral
856 _uAgriculltral
999 _c340
_d340